Zaire today / (Record no. 170845)
[ view plain ]
| 000 -LEADER | |
|---|---|
| fixed length control field | 00865cam3a220028900 4500 |
| 001 - CONTROL NUMBER | |
| control field | qce01278770 |
| 005 - DATE AND TIME OF LATEST TRANSACTION | |
| control field | 20190826200630.0 |
| 008 - FIXED-LENGTH DATA ELEMENTS--GENERAL INFORMATION | |
| fixed length control field | 781025s1977 fr a 001 0 eng |
| 010 ## - LIBRARY OF CONGRESS CONTROL NUMBER | |
| LC control number | 78374356 //r83 |
| 020 ## - INTERNATIONAL STANDARD BOOK NUMBER | |
| Terms of availability | 60.00F |
| 035 ## - SYSTEM CONTROL NUMBER | |
| System control number | (Sirsi) r63498 |
| 035 ## - SYSTEM CONTROL NUMBER | |
| System control number | (QCAT)lss01567369 |
| 035 ## - SYSTEM CONTROL NUMBER | |
| System control number | (UPRA)qce01278770 |
| 040 ## - CATALOGING SOURCE | |
| Modifying agency | UPRA |
| 043 ## - GEOGRAPHIC AREA CODE | |
| Geographic area code | f-cg--- |
| 050 0# - LIBRARY OF CONGRESS CALL NUMBER | |
| Classification number | DT643 |
| Item number | .D5213 |
| 082 ## - DEWEY DECIMAL CLASSIFICATION NUMBER | |
| Classification number | 967.5/103 |
| 100 1# - MAIN ENTRY--PERSONAL NAME | |
| Personal name | Diallo, Siradiou. |
| Linkage | A23280.1 |
| 245 10 - TITLE STATEMENT | |
| Title | Zaire today / |
| Statement of responsibility, etc. | Siradiou Diallo. |
| 260 ## - PUBLICATION, DISTRIBUTION, ETC. | |
| Place of publication, distribution, etc. | Paris : |
| Name of publisher, distributor, etc. | Editions J.A., |
| Date of publication, distribution, etc. | 1977. |
| 490 0# - SERIES STATEMENT | |
| Series statement | Le Voyage en couleurs |
| Linkage | S4552.1 |
| 500 ## - GENERAL NOTE | |
| General note | Translation of: Le Zaire aujourd'hui; translated by Barbara Shuey. |
| 500 ## - GENERAL NOTE | |
| General note | Includes index. |
| 651 #0 - SUBJECT ADDED ENTRY--GEOGRAPHIC NAME | |
| Geographic name | Zaire -- Guidebooks. |
| General subdivision | Zaire -- Guidebooks. |
| Linkage | S16507.1 |
| 949 ## - LOCAL PROCESSING INFORMATION (OCLC) | |
| a | DT643 |
| w | lcc |
| i | -84407 |
| m | MAIN |
| t | BOOK |
| l | ON-SHELF |
No items available.